[Event "Ubeda"]
[Site "Ubeda"]
[Date "1997.02.19"]
[Round "10"]
[White "Beliavsky, Alexander G"]
[Black "Illescas Cordoba, Miguel"]
[Result "1-0"]
[WhiteElo "2665"]
[BlackElo "2635"]
[Annotator "Huebner,R"]
[PlyCount "75"]
[EventDate "1997.02.07"]
[EventType "tourn"]
[EventRounds "11"]
[EventCountry "ESP"]
[EventCategory "16"]
[SourceTitle "CBM 058"]
[Source "ChessBase"]
[SourceDate "1997.06.01"]
[SourceVersion "1"]
[SourceVersionDate "1997.06.01"]
[SourceQuality "1"]

1. d4 d5 2. c4 c6 3. Nf3 Nf6 4. Nc3 a6 5. a4 e6 6. g3 dxc4 7. Bg2 c5 8. O-O (8.
dxc5 Qxd1+ 9. Nxd1 Nc6 10. Ne3 Bxc5 11. Nxc4 Ke7 $10 {Bareev,E-Shirov,A/
Groningen/1993}) 8... cxd4 (8... Nc6 9. Ne5 $5 $44 Na5 $1 {Ftacnik} 10. e3 (10.
dxc5 Qxd1 11. Rxd1 Bxc5 $13) 10... Be7 11. Ne2 O-O 12. Bd2 Nb3 13. Rb1 cxd4 14.
exd4 Nxd4 15. Nxc4 Nc6 16. b4 Nd5 17. b5 axb5 18. axb5 Nb8 19. Nf4 Nd7 20. Nxd5
exd5 21. Bxd5 Nf6 22. Bg2 Bf5 23. Rc1 Be4 {1/2-1/2 Ivanov,T-Vologyin,V/Moscow
op (04)/1994/}) 9. Nxd4 Qc7 (9... Bc5 10. Be3 Qe7 11. Nc2 O-O 12. a5 Nc6 13.
Na4 Bxe3 14. Nxe3 Rd8 $15 {1/2-1/2 geschah in der Partie Kamsky,G-Bareev,E/
Linares 1994 (43). Der in der vorliegenden Partie gespielte Zug gefällt mir
weniger gut; Schwarz sollte die Aufstellung seiner Dame nicht so frühzeitig
festlegen.}) 10. a5 Nbd7 (10... e5 11. Nf3 (11. Nc2 Be6 {nebst Sb8-d7 sieht
befriedigend für Schwarz aus.}) 11... Be6 (11... Be7 12. Nd5 Nxd5 13. Qxd5 Nc6
(13... Bf6 14. Nd2 $14) 14. Qxc4 Be6 15. Qa4 $14) 12. Ng5 $14) (10... Be7 $5)
11. Nc2 Bc5 (11... Nc5 $5 {kam in Betracht.}) 12. Bf4 e5 13. Be3 O-O 14. Na4
Bxe3 (14... Rd8 {Ftacnik} 15. Qe1 (15. Nxc5 Nxc5 16. Qe1 Bf5 17. Na3 Be4 18.
Bxe4 Nfxe4 19. Nxc4 Nb3 20. Ra4 Nbc5 $13) 15... Bxe3 (15... Be7 16. Nb6 Rb8 17.
Ra4 Nc5 18. Rxc4 Be6 19. Rc3 $18) 16. Nxe3 Rb8 17. Qc3 b5 18. axb6 Nxb6 19.
Nxb6 Qxb6 20. Nxc4 Qd4 21. Nxe5 Rxb2 22. Qc7 $14) (14... Be7 {Ftacnik} 15. Qe1)
15. Nxe3 Qxa5 16. Qd6 {Weiß hat reichlich Kompensation für das geopferte
Material, denn Schwarz kann seinen Damenflügel nicht entwickeln.} Qb5 (16...
Ne8 $5 {Ftacnik} 17. Qe7 Qd2 18. Rfd1 (18. Nxc4 $6 Qxe2 19. Nab6 Nxb6 20. Nxb6
Rb8 21. Rfe1 Qxb2 $17) 18... Qxe2 19. Rxd7 Bxd7 20. Qxd7 Rb8 (20... Nf6 21.
Qxb7 $16) 21. Bxb7 $14) 17. Rfc1 a5 {So kann Schwarz seinen Damenturm auf
befriedigende Weise ins Spiel bringen; aber der Läufer auf c8 bleibt zunächst
inaktiv.} (17... Ne8 {Ftacnik} 18. Qe7 Nef6 19. Nxc4 Re8 20. Qd6 $44) (17... c3
{Ftacnik} 18. Nxc3 Qb6 (18... Qxb2 19. Rab1 $18) 19. Nf5 $14) 18. Nxc4 (18.
Rxc4 Ra6 19. Qd3 (19. Qd2 Nb6 20. Rc5 Qb4 $13) 19... e4 20. Qc2 Rc6 $11) 18...
Ra6 (18... Re8 $6 {Ftacnik} 19. Qc7 $1) 19. Qc7 Qb4 (19... Nd5 {Ftacnik} 20.
Bxd5 Qxd5 21. Ncb6 Nxb6 22. Nxb6 $16) 20. Ne3 (20. Nxe5 Nxe5 21. Qxc8 Rc6 $11)
20... g6 ({Ein Entlastungsversuch mißglückt:} 20... b5 21. Nc3 Qc5 (21... Kh8 {
Ftacnik} 22. Rc2 (22. Ncd5 {Ftacnik} Qxb2 23. Ne7 Nb6 24. Qd6 Nbd7 $13)) 22.
Ncd5 Nxd5 23. Nxd5 Qxc7 24. Rxc7 Nb6 25. Ne7+ Kh8 26. Nxc8 Rxc8 27. Rxc8+ Nxc8
28. Bb7 $18) 21. Rc4 Qd2 (21... Qe7 {Ftacnik} 22. Nc5 Rd6 23. Rc2 $14) (21...
Qb3 {Ftacnik} 22. Ra3 Qb5 23. b3 $14) 22. Rc2 Qd4 (22... Qd6 23. Rd1 (23. Qxd6
Rxd6 24. Rac1 b5 $11 {führt zu nichts.}) (23. Bxb7 Bxb7 (23... Qxc7 24. Rxc7
Ra7 25. Rxc8 Rxb7 26. Rc6 {gefolgt von Se3-c4 ist höchst unbequem für Schwarz.}
) 24. Qxb7 Rb8 25. Rc8+ Rxc8 26. Qxc8+ Kg7 {bietet dem Schwarzen
Ausgleichsaussichten.}) 23... Qxc7 24. Rxc7 e4 ({Nach} 24... b5 25. Nc3 {
behält Weiß sehr starken Druck.}) 25. Nc3 {bleibt äußerst unbequem für Schwarz.
}) 23. Nc3 Kg7 24. Rd1 Qb4 ({Mit} 24... Qb6 {konnte Schwarz Entlastung durch
Damentausch anstreben, aber seine Lage bleibt schwierig:} 25. Ncd5 Nxd5 26.
Rxd5 (26. Nxd5 Qxc7 27. Rxc7 (27. Nxc7 Rb6 28. Rdc1 Nf6 29. Na8 Ra6 30. Rxc8
Rxa8 $11) 27... Rc6 28. Rxc6 bxc6 29. Ne7 Nb8 $14) 26... Qe6 (26... Qxc7 27.
Rxc7 Rb6 28. Nc4 Rb4 29. Rxa5 Nb6 30. Nxb6 Rxb6 31. Ra8 Be6 (31... Bg4 32. Rxf8
Kxf8 33. Bd5 $16) 32. Rxf8 Kxf8 33. Rxb7 $16) 27. Rxa5 (27. Rcd2 Rc6 28. Qxa5
Rc1+ $14) 27... Rxa5 28. Qxa5 Nf6 $14 {Der Textzug ist wohl stärker.}) (24...
Qc5 {Ftacnik} 25. Ncd5 Qxc7 26. Nxc7 Ra7 (26... Rb6 27. Nc4 Rb4 28. Nxa5 $16)
27. Nb5 Ra8 28. Nd6 $14) 25. Ncd5 Nxd5 26. Nxd5 Qb3 $6 (26... Qd6 27. Qxd6 Rxd6
28. Rdc1 Rc6 29. Rxc6 bxc6 30. Rxc6 {Der Vorteil des Weißen ist nicht
unerheblich; ob er zum Sieg genügt, ist natürlich zweifelhaft.}) (26... Qa4 {
war das richtige Verfahren, denn nun ist} 27. Ne7 {ungenügend, weil Schwarz
die Antwort} Rc6 $17 {zur Verfügung hat. Schwarz dürfte sich retten können.})
27. Rd3 {Jetzt ist die Lage des Nachziehenden prekär.} Qa4 $2 (27... Qa2 28.
Ne7 Ra8 29. Rcd2 Nf6 30. Qxe5 Qe6 {bot bessere Verteidigungsaussichten.}) (
27... Qb5 {war vermutlich am stärksten:} 28. Nc3 ({Nach} 28. Ne7 Nb6 {ist der
Bauer auf e5 gedeckt.}) 28... Qb3 29. Rcd2 Nf6 30. Nd5 Nxd5 31. Qxe5+ (31. Bxd5
Qb6 32. Qxe5+ Qf6 {ist nicht aussichtsreicher.}) 31... f6 {mit
Überlebensaussichten.}) 28. Ne7 $18 Ra8 29. Rcd2 e4 {Hiernach gewinnt Weiß
Material, aber auch} (29... Nf6 30. Qxe5 {ist hoffnungslos für Schwarz:} Ra6 (
30... Be6 31. Rf3 $18) (30... Re8 31. Rd6 Be6 32. Bxb7 (32. Nd5 $2 Qa1+ 33. Bf1
Qxf1+ 34. Kxf1 Bh3+ {führt nicht zum Ziel.}) 32... Rab8 33. Bc6 Qa1+ 34. Rd1
$18) (30... Qe8 31. Rd6 Be6 32. Nd5 $18) 31. Nxc8 Rxc8 32. Rd6 Rxd6 33. Rxd6
Rc1+ 34. Bf1 Qa1 35. Qxf6+ Kh6 36. Rd4 Rxf1+ 37. Kg2 Rg1+ 38. Kf3 $18) 30. Qc3+
Kh6 (30... f6 {Ftacnik} 31. Rd4 Qb5 32. Nxc8 $18) (30... Nf6 {Ftacnik} 31. Rd6
Be6 32. Nd5 Qa1+ 33. Bf1 Bxd5 34. Qxf6+ Kg8 35. R6xd5 $18) 31. Rd4 Qb5 32. Nxc8
Raxc8 (32... Ne5 {Ftacnik} 33. Nd6 $18) 33. Qe3+ Kg7 34. Rxd7 Rc1+ 35. Rd1
Rxd1+ (35... Qxd7 {Ftacnik} 36. Rxc1 $18) 36. Rxd1 Qxb2 37. Qxe4 b5 38. Rb1 (
38. Rb1 {Ftacnik} Qc3 39. Rxb5 $18) 1-0

[Event "Bundesliga 0203"]
[Site "Germany"]
[Date "2003.03.30"]
[Round "15.5"]
[White "Schenk, Andreas"]
[Black "Schmidt, Bodo"]
[Result "1-0"]
[WhiteElo "2479"]
[BlackElo "2360"]
[Annotator "Huebner,R"]
[PlyCount "119"]
[EventDate "2002.10.19"]
[EventType "team-tourn"]
[EventRounds "15"]
[EventCountry "GER"]
[SourceTitle "CBM 095"]
[Source "ChessBase"]
[SourceDate "2003.07.25"]
[SourceVersion "1"]
[SourceVersionDate "2003.07.25"]
[SourceQuality "1"]
[WhiteTeam "Baden Oos"]
[BlackTeam "Godesberg"]
[WhiteTeamCountry "GER"]
[BlackTeamCountry "GER"]

1. d4 d5 2. c4 c6 3. Nf3 Nf6 4. Nc3 a6 5. a4 e6 6. Bg5 Nbd7 7. a5 dxc4 8. e4 (
8. e3 h6 9. Bxf6 Nxf6 10. Bxc4 Bb4 11. Qa4 Qe7 12. O-O O-O 13. Ne5 Bd6 14. Nd3
c5 15. dxc5 Bxc5 16. Nxc5 Qxc5 17. Be2 Bd7 18. Ne4 Bxa4 19. Nxc5 Bc6 20. Rfc1
Rfc8 21. f3 $14 {1/2-1/2 Dautov,R-Morozevich,A/Bled 2002/EXT 2003 (90). (90)})
8... h6 9. Bh4 (9. Bxf6 Nxf6 10. Qa4 Bd7 11. Ne5 c5 12. Nxd7 Qxd7 13. d5 Qxa4
14. Rxa4 exd5 15. Nxd5 Nxd5 16. exd5 O-O-O 17. Bxc4 Bd6 18. O-O Rhe8 $17 {
1/2-1/2 Gelfand,B-Kasparov,G/Moscow 2002/CBM 91 (76). (75)}) 9... Bb4 10. Qa4
Bxc3+ 11. bxc3 g5 12. Bg3 Nxe4 13. Bxc4 Nxg3 (13... Nxc3 14. Qc2 (14. Qb4 Ne4 {
ist weniger genau.}) 14... Nb5 15. Qb2 {gibt dem Weißen starken Druck für die
beiden Bauern.}) 14. fxg3 b5 15. axb6 Nxb6 16. Qb3 Nxc4 17. Qxc4 Qd5 18. Qe2
O-O 19. O-O f6 $2 (19... a5 20. Ne5 ({Nach} 20. c4 Ba6 21. Rfc1 (21. Rac1 c5 {
erweckt auch nicht mehr Vertrauen.}) 21... c5 {mangelt es dem Weißen an
Angriffspotential am Königsflügel, und Schwarz hat ausreichendes Gegenspiel im
Zentrum.}) 20... Ba6 21. Qh5 Bxf1 22. Rxf1 Ra7 23. Qxh6 f5 24. Ng4 {Der
Angriff des Weißen ist sehr gefährlich.}) (19... c5 20. Ra5 {gibt dem Weißen
ohne Weiteres Vorteil.}) (19... Bb7 {dürfte die angewiesene Fortsetzung sein:}
20. c4 (20. Ne5 c5 21. Ra5 Rac8 {mit unklarer Lage.}) 20... Qd6 21. Qe4 (21.
Qe3 c5) 21... Rab8 {mit haltbarer Stellung für Schwarz.}) 20. Qd3 Kg7 21. Ne5
f5 (21... fxe5 22. Rxf8 Kxf8 23. Qh7 Ke8 24. Rf1 {ist hoffnungslos für Schwarz.
}) 22. Rfb1 c5 23. Ra5 Bb7 24. Rb2 $2 (24. Qf3 {sieht stärker aus:} Qxf3 25.
gxf3 Ra7 ({Nach} 25... Bc8 26. Rxc5 Ra7 27. Rb6 {dringt Weiß entscheidend auf
c7 ein.}) (25... Bd5 26. c4 Bxc4 27. Rb7+ Kg8 (27... Kf6 28. Nxc4 cxd4 29. Ne5
{kostet noch eine Qualität.}) 28. Nxc4 cxd4 29. Ne5 {Weiß sollte ziemlich
mühelos gewinnen.}) 26. Rxc5 Bd5 (26... Ba8 27. Rb6 a5 28. Rbb5 {führt zu
leichtem Gewinn für Weiß.}) 27. Kf2 f4 28. Ke2 {Der Springer auf e5 ist
Siegesgarant.}) 24... Rfc8 (24... Rac8 {hat den Nachteil, daß der Läufer auf
b7 schwer zu decken ist. Nach} 25. Qd1 (25. Qd2 Rfd8 26. Nd3 Qxg2+ 27. Qxg2
Bxg2 28. Kxg2 cxd4 29. cxd4 Rxd4 {Schwarz sollte remis halten können.}) 25...
Qe4 26. Re2 Qd5 27. Nd3 Qd8 28. Rxc5 {hat Weiß erklecklichen Vorteil.}) 25. Qd1
g4 $2 (25... Qe4 {verdient Erwägung:} 26. Re2 Qd5 27. Nd3 Qd8 28. Rxc5 (28.
Rxe6 Bd5 29. Rexa6 Qxa5 30. Rxa5 Rxa5 31. dxc5 (31. Nxc5 Rca8 {ist ungünstig
für Weiß.}) (31. Qe1 Be4 {führt auch zu nichts.}) 31... Rca8 {Auch hier sollte
Schwarz sich halten können.}) 28... Be4 29. Re5 Rxc3 (29... Rab8 30. Qd2 {
ist weniger klar.}) 30. Nc5 Rxc5 31. Rxc5 Rb8 {Schwarz dürfte überleben.}) 26.
h3 $2 (26. Nd3 {führt auf einfache Weise zu entscheidendem Vorteil.}) 26...
Rab8 27. hxg4 Ba8 $2 (27... Qd8 $2 28. gxf5 {und Weiß gewinnt.}) (27... Bc6 {
bietet jedoch gute Rettungsaussichten, weil} 28. Re2 {mit} Bb5 {beantwortet
werden kann.}) 28. Re2 Rb6 (28... Qb3 {ist nicht stärker:} 29. Qxb3 Rxb3 30.
Rxa6 Rxc3 31. Ra7+ Kg8 (31... Kf6 32. Nd7+ Kg5 33. Nxc5 Rg8 34. gxf5 exf5 35.
Kh2 {überläßt dem Weißen eine entscheidende Initiative.}) 32. gxf5 cxd4 (32...
exf5 33. Ng6 {mit entscheidendem Angriff.}) 33. fxe6 {Weiß steht auf Gewinn.})
29. gxf5 exf5 30. Qf1 (30. Qd3 {ist ebenfalls stark.}) 30... Rf6 31. Nd3 Qd6 ({
Auf} 31... Qc4 {folgt} 32. Re7+ (32. Rxc5 Rxc5 33. Nxc5 Qxc3 34. Qf4 Be4) (32.
Nf4 Qxc3) 32... Kf8 33. Re5 {mit entscheidendem Angriff.}) 32. Nf4 (32. Nxc5
Qxg3 33. Ne6+ {führt schneller zum Gewinn.}) 32... Kh7 33. d5 c4 34. Qf2 Rg8
35. Ra1 (35. Nh5 Rf7 36. Re6 $18) 35... Rg7 $6 (35... Qb6 36. Re7+ Kh8 37. Rae1
{rettet den Schwarzen nicht.}) 36. Rae1 (36. Nh5 $18) 36... Qb6 37. Nh5 $18
Bxd5 38. Nxf6+ Qxf6 39. Re5 Qf7 40. Rxf5 Qb7 41. Rf6 Be4 42. Qf4 Bg6 43. Qxc4
a5 44. Kh2 Rc7 45. Qg4 Rg7 46. Rfe6 Qc7 47. Qd4 Qf7 48. Qe5 a4 49. Re7 Qf8 50.
Rxg7+ Qxg7 51. Qd6 Bf7 52. Re7 Kg8 53. Qd8+ Qf8 54. Qxf8+ Kxf8 55. Ra7 Bb3 56.
Kg1 Ke8 57. Kf2 Kd8 58. Ke3 Kc8 59. Kd4 Kb8 60. Ra5 1-0

[Event "EU-Cup 13th Group7"]
[Site "Krynica"]
[Date "1997.09.15"]
[Round "1"]
[White "Ristic, Nebojsa M"]
[Black "Ljukin, Sergei"]
[Result "0-1"]
[WhiteElo "2440"]
[BlackElo "2395"]
[Annotator "Huebner,R"]
[PlyCount "76"]
[EventDate "1997.09.15"]
[EventType "team-k.o."]
[EventRounds "3"]
[EventCountry "POL"]
[SourceTitle "EXT 2020"]
[Source "ChessBase"]
[SourceDate "2019.10.17"]
[SourceVersion "1"]
[SourceVersionDate "2019.10.17"]
[SourceQuality "1"]
[WhiteTeam "Smederevska Palanka Gosa"]
[BlackTeam "Chisinau Rezina-Gaz"]
[WhiteTeamCountry "SRB"]
[BlackTeamCountry "MDA"]

1. d4 {Kortschnoj} d5 2. Nf3 Nf6 3. c4 c6 4. Nc3 dxc4 5. e4 b5 6. e5 Nd5 7. a4
Nxc3 8. bxc3 Be6 9. Ng5 Bd5 10. e6 fxe6 11. Qg4 Nd7 (11... Qd7 12. Be2 e5 13.
dxe5 Qxg4 14. Bxg4 Nd7 15. Ne6 Bxe6 16. Bxe6 Nc5 17. Bf5 Nxa4 18. Be4 Rc8 19.
Bd2 Nc5 20. Bc2 Ra8 21. Be3 e6 22. Bxc5 Bxc5 23. Be4 Kd7 24. Ra6 Bb6 25. Ke2
Rad8 26. h3 {Morrell,G-Shernoff,L/North Bay op 1996/EXT 97/1/2-1/2 (38)}) (
11... g6 12. Be2 {sieht f�r Schwarz sehr gef�hrlich aus.}) 12. Nxh7 e5 (
12... Nf6 $5 13. Qg6+ Kd7 {f�hrt zu einer unklaren Stellung.} 14. Ng5 $16 {
Kortschnoj}) 13. Nxf8 Rxf8 14. Be2 $6 {Wei� sollte den Tausch auf b5
einschalten:} (14. axb5 cxb5 15. dxe5 (15. Be3 $16 {Kortschnoj}) 15... Nxe5 16.
Qh5+ Nf7 17. Be2 Qd6 {mit unklarer Lage.}) 14... exd4 15. Qxd4 Qb6 {Schwarz
hat jetzt deutlichen Vorteil.} 16. Qh4 Qa5 17. Bd2 Bxg2 18. Bh5+ (18. Rg1 Bd5
19. Bh5+ (19. Rxg7 O-O-O $15 {Kortschnoj}) 19... Kd8 20. Rxg7 Nf6 {
�berl��t dem Schwarzen ebenfalls Vorteil.}) 18... g6 19. Bxg6+ Kd8 20.
Rg1 Bd5 21. Rg5 {Wei� will Sd7-e5 verhindern.} Kc7 22. Rb1 a6 $6 (22... Qxa4
$5 {war nicht zu verachten.}) 23. Qh7 $2 {Hier hat die Dame des Wei�en
nichts verloren. Besser war} (23. axb5 axb5 24. Qg3+ {nebst Vorsto� des
h-Bauern.}) 23... Rf6 24. Rb4 {Wei� will die Dame des Schwarzen nicht ins
Spiel lassen, aber sein Turm steht hier erb�rmlich; die Dame kann leicht
aktiviert werden. Es ist jedoch nicht leicht, einen besseren Rat zu geben;} (
24. Bf5 Raf8 {hilft nichts.}) 24... Raf8 25. Be3 Re6 $6 (25... Kd8 $5 $17) (
25... Bf7 $5 $17) 26. Bf5 Rxf5 $2 (26... Rf7 $5 $15) 27. Qxf5 Nc5 28. Kf1 Nd3
29. Qf8 Nxb4 $2 (29... Re4 30. Qa8 Rxe3 (30... Nxb4 31. Qa7+ Kc8 32. Bb6 $18)
31. Qa7+ Kd6 32. Qxe3 Nxb4 33. Rg6+ Kd7 34. Rg7 Qd8 35. cxb4 $16) 30. Bf4+ $4 (
30. Rg8 $18) 30... Kd7 31. Qb8 Re4 $4 (31... Nd3 32. Qb7+ Ke8 33. Qc8+ Qd8 34.
Rg8+ Kf7 35. Qxe6+ Bxe6 36. Rxd8 Nxf4 $19) 32. Qb7+ (32. cxb4 {Kortschnoj} Qd8
$15 (32... Qxb4 $2 33. Qc7+ $18)) 32... Ke8 33. Qc8+ $4 (33. Bc7 $18) 33... Qd8
$19 34. Qf5 Nd3 35. Qg6+ Kd7 36. Qf5+ Re6 37. axb5 axb5 38. Rg7 Qf8 0-1

[Event "Hoogovens"]
[Site "Wijk aan Zee"]
[Date "1997.01.28"]
[Round "9"]
[White "Nikolic, Predrag"]
[Black "Illescas Cordoba, Miguel"]
[Result "1/2-1/2"]
[WhiteElo "2655"]
[BlackElo "2635"]
[Annotator "Huebner,R"]
[PlyCount "172"]
[EventDate "1997.01.18"]
[EventType "tourn"]
[EventRounds "13"]
[EventCountry "NED"]
[EventCategory "16"]
[SourceTitle "CBM 057"]
[Source "ChessBase"]
[SourceDate "1997.04.01"]
[SourceVersion "1"]
[SourceVersionDate "1997.04.01"]
[SourceQuality "1"]

1. d4 d5 2. c4 c6 3. Nc3 Nf6 4. Nf3 a6 5. e3 b5 6. b3 Bg4 7. Be2 Nbd7 8. h3 Bf5
{Ein neuer Versuch.} 9. Nh4 (9. O-O e6 10. Bb2 h6 {führt zu einer
ausgeglichenen Stellung.}) (9. Ne5 Qc7 {bringt dem Weißen auch nichts
Besonderes ein.}) 9... Ne4 {Nach anderen Fortsetzungen behält Weiß
offensichtlich einen leichten Vorteil.} 10. Nxd5 {Dies ist ein origineller
Gedanke; aber Vorteil erlangt Weiß nicht mit diesem Zuge. Auch nach} (10. Bb2
Nxc3 11. Bxc3 Be4 {ist die Stellung ausgeglichen.}) 10... cxd5 11. Nxf5 e6 12.
Ng3 Bb4+ 13. Kf1 Nxg3+ 14. fxg3 O-O {Schwarz hat für den geopferten Bauern
reichlich Kompensation. Hier hätte ich aber lieber die Stellung zunächst mit} (
14... bxc4 15. bxc4 {geöffnet.}) 15. Bf3 (15. cxb5 axb5 16. Bd2 (16. Bxb5 $2
Bc3 17. Rb1 Rxa2 {überläßt dem Schwarzen Vorteil.}) 16... Bd6 17. Be1 {kam in
Betracht.}) 15... bxc4 16. bxc4 Rb8 17. cxd5 exd5 18. Rb1 (18. Bxd5 Bc3 19. Ba3
Bxa1 20. Bxf8 Nxf8 {kostet den Weißen Material.}) 18... Qa5 19. Qe2 Nf6 20. Kg1
$6 (20. Rb3 Qc7 21. Kf2 Bd6 22. Rd1 Bxg3+ 23. Kg1 {sollte zu einer für Weiß
haltbaren Stellung führen.}) 20... Bd6 (20... Qc7 {sieht mir stärker aus; ich
sehe nicht, wie Weiß seinen Königsturm befreien kann.}) 21. Rxb8 Rxb8 22. Kh2
Qc7 23. Rf1 Bxg3+ 24. Kg1 a5 25. Qd3 Re8 26. Bd2 a4 27. Rc1 Qd7 28. Qa6 h5 29.
Qc6 Qxc6 30. Rxc6 Rb8 31. Bc1 Rb1 32. Kf1 Ra1 33. Rc2 g5 34. Bd1 Kg7 35. a3 Ne4
36. Ke2 Bd6 37. Bb2 Ra2 38. Bc1 Ra1 39. Bb2 Rb1 40. Bc1 Rb3 41. Rc6 Nc3+ 42.
Kd2 $6 (42. Kf3 Nxd1 43. Rxd6 Nc3 44. Rc6 {sollte zum Remis genügen.} (44. Rd8
$2 Rb1 $19)) 42... Nxd1 43. Rxd6 Nxe3 44. Ke2 Nxg2 45. Bxg5 Rxa3 46. Rxd5 (46.
Kf2 $5 Ra2+ 47. Kg3 a3 48. Rxd5 Rc2 49. Ra5 a2 50. Ra6 {sieht besser aus als
die Textfortsetzung.}) 46... Rxh3 47. Ra5 (47. Kf2 Nh4 48. Bxh4 (48. Ra5 $2
Rf3+ 49. Ke2 Rf5 $19) 48... Rxh4 49. Ke3 a3 50. Ra5 Rh2 51. d5 a2 52. d6 Kf6 {
rettet Weiß nicht.}) 47... Rg3 (47... a3 48. Kf2 $11) 48. Kf2 Rg4 49. Bd2 $2 (
49. Be7 h4 50. Rxa4 h3 51. Bd6 {sollte zum Remis genügen. Auch wenn Schwarz
seinen h-Bauern zunächst nicht vorbringt und seine Figuren zentralisiert,
dürfte er kaum Gewinnaussichten haben, weil er den Tausch seines Springers
gegen den gegnerischen Läufer nie zulassen kann, ohne sofort in eine
theoretische Remisstellung zu geraten.}) 49... h4 50. Rxa4 h3 51. Bc3 Kg6 {
Auf Grund der schlechten Stellung seines Läufers ist Weiß nun in äußerster
Gefahr.} (51... h2 {ist voreilig:} 52. d5+ Kf8 53. Ra1 (53. Rxg4 h1=Q 54. Rxg2
$11) 53... Nh4 54. Be5 Rg2+ 55. Ke3 f6 56. Bc7 Rc2 57. Bd6+ Kf7 58. Rh1 Nf5+
59. Kd3 {mit remis.}) 52. Ra6+ {Weiß verbessert die Königsstellung des Gegners.
} (52. Ra1 {sollte versucht werden.}) 52... Kf5 53. d5 ({Nach} 53. Rh6 Nh4 {
ist der h-Bauer nicht mehr aufzuhalten.}) (53. Ra5+ Ke4 54. Rh5 Ne3 55. Re5+ (
55. Rxh3 Rg2+ 56. Ke1 Kd3 $19) 55... Kf4 {ist hoffnungslos für Weiß.}) (53. Ra1
Ke4 {ist gleichermaßen höchst unerfreulich für Weiß; Schwarz bekommt einen
gewaltigen Mattangriff.}) 53... h2 54. Ra1 Nf4 $2 (54... Ne3 {gewinnt:} 55. Rh1
(55. d6 Ke4 56. Ra4+ Kd3 57. d7 (57. Rxg4 h1=Q 58. Rd4+ Kxc3 59. d7 Qg2+ $19)
57... Nd1+ 58. Kf3 h1=Q+ 59. Kxg4 Ne3+ $19) 55... Ke4 56. Rxh2 Nd1+ 57. Ke1
Nxc3 58. d6 Rg8 $19) 55. Rh1 Rg2+ 56. Kf3 Ra2 57. Bb4 Rb2 58. Bd6 {Jetzt ist
der Läufer doch noch auf der richtigen Diagonale angekommen. Schwarz kann
nicht mehr gewinnen.} Rb3+ 59. Kf2 Kg4 60. Rxh2 Rb2+ 61. Kg1 Rb1+ 62. Kf2 Nxd5
63. Rg2+ Kf5 64. Rg8 Rb6 65. Rd8 Nf6 66. Bc7 Rb2+ 67. Ke3 Rb3+ 68. Ke2 Rb7 69.
Bb8 Ke4 70. Bh2 Rb2+ 71. Rd2 Rb3 72. Ra2 Nd5 73. Ra4+ Kf5 74. Ra5 Ke6 75. Ra6+
Ke7 76. Ra7+ Kf8 77. Ra5 Nf6 78. Bd6+ Kg8 79. Ra3 Rb2+ 80. Kf3 Rb5 81. Ra1 Rf5+
82. Ke3 Ng4+ 83. Ke4 Rf2 84. Ra5 f6 85. Rf5 Ra2 86. Kf3 Ra4 1/2-1/2

[Event "Dos Hermanas-A"]
[Site "Dos Hermanas"]
[Date "2005.04.05"]
[Round "5"]
[White "Harikrishna, Pentala"]
[Black "Illescas Cordoba, Miguel"]
[Result "1-0"]
[WhiteElo "2646"]
[BlackElo "2633"]
[Annotator "Huebner,R"]
[PlyCount "87"]
[EventDate "2005.04.01"]
[EventType "tourn"]
[EventRounds "9"]
[EventCountry "ESP"]
[EventCategory "16"]
[SourceTitle "CBM 107"]
[Source "ChessBase"]
[SourceDate "2005.08.01"]
[SourceVersion "1"]
[SourceVersionDate "2005.08.01"]
[SourceQuality "1"]

1. d4 d5 2. c4 c6 3. Nf3 Nf6 4. Nc3 a6 5. c5 Bf5 6. h3 Nbd7 7. Bf4 e6 8. e3 b6
9. b4 Ne4 (9... h6 10. Rc1 b5 11. a4 g5 12. Be5 Bg7 13. Bd6 Ne4 14. Nxe4 Bxe4
15. Ne5 Nxe5 16. dxe5 h5 17. f3 Bg6 18. Bd3 Bxd3 19. Qxd3 Rh6 20. f4 gxf4 21.
O-O Rg6 22. exf4 Qh4 23. Kh2 Bh6 24. g3 Qd8 25. f5 exf5 26. Qxf5 Ra7 27. Rce1
Qd7 28. e6 Rxe6 29. Qf6 bxa4 {1-0 Manolache,M-Marin,L/Miercurea Ciuc 2001/EXT
2002 (29).}) 10. Rc1 Be7 11. Be2 bxc5 12. bxc5 Qa5 13. Qa4 Bd8 14. Qb3 Bf6 15.
O-O $5 (15. Qa4 Bd8 16. Qb3 $11) 15... Ndxc5 16. Qb2 O-O 17. Nxe4 Bxe4 $2 (
17... dxe4 18. Nd2 Nd3 19. Bxd3 exd3 20. Rxc6 Rac8 {führt zu einer
ausgeglichenen Stellung.}) 18. Bd6 Nd3 19. Bxd3 Bxd3 20. Rfd1 Bb5 (20... Rfd8 {
führt zum Verlust:} 21. Bb4 Qb5 22. Rc5 Qb7 23. Rxd3 Be7 24. Rb3 {usw.}) (20...
Qb5 21. Qxb5 Bxb5 22. Bxf8 Kxf8 23. Rc3 {befreit den Schwarzen nicht von
seinen Schwierigkeiten.}) 21. Bxf8 Rxf8 22. Rc3 Be7 23. Ne5 Bb4 $2 {Dies führt
unmittelbar zum Verlust. Es folgen einige Vorschläge zu zäherer Verteidigung;
welche davon die aussichtsreichsten sind, ist schwer auszumachen.} (23... Rc8
24. Rdc1 Bd6 25. f4 Bxe5 26. fxe5 {Das Problem des Schwarzen besteht darin,
daß er allzu schwch auf den schwarzen Feldern ist.}) (23... c5 24. dxc5 Qc7 25.
f4 Bf6 (25... Bxc5 26. Rdc1 Bc4 27. Nxc4 dxc4 28. Kf1 $18 {, und Weiß gewinnt.}
) (25... f6 26. Nd3 Rc8 27. f5 {dürfte Schwarz auch auf die dauer nicht
überleben können.}) 26. Qb4 (26. Rcc1 Rc8 {, und Weiß kann die Fesselung des
Springers e5 doch nicht ohne Bauernverlust aufheben.}) 26... Bxe5 27. fxe5 Qxe5
28. e4 Bc4 {, und Schwarz kann weiterkämpfen.}) 24. Rb3 Bd6 {Jetzt gibt es
keine Rettung mehr:} (24... Qa4 25. Nd7 $18) (24... Ba4 25. Nxc6 Bxc6 26. Rxb4
$18) 25. a4 $18 Bc4 26. Nxc4 dxc4 27. Rc3 Qxa4 28. Qc2 Qxc2 29. Rxc2 c5 30.
dxc5 Bxc5 31. Rxc4 Be7 32. Ra1 Rb8 33. Rxa6 Rb1+ 34. Kh2 g6 35. Rc7 Bf6 36. g3
Be5 37. Ra8+ Kg7 38. Rd7 Bb8 39. Kg2 h5 40. Rd8 Bc7 41. Rg8+ Kh7 42. Rge8 Kg7
43. Ra7 Bb8 44. Rd7 1-0